[Event "Bretagne-ch U10 Girls"]
[Site "Ploermel"]
[Date "2007.02.16"]
[Round "6"]
[White "Garido, Melissa"]
[Black "Guinard, Charline"]
[Result "0-1"]
[WhiteElo "1230"]
[BlackElo "1350"]
[PlyCount "92"]
[EventDate "2007.02.13"]
[EventType "tourn"]
[EventRounds "6"]
[EventCountry "FRA"]
[SourceTitle "EXT 2008"]
[Source "ChessBase"]
[SourceDate "2007.11.25"]
[SourceVersion "1"]
[SourceVersionDate "2007.11.25"]
[SourceQuality "1"]

1. c4 e5 2. g3 Bc5 3. Bg2 Nf6 4. e3 d6 5. Ne2 Bd7 6. b3 Nc6 7. Bb2 0-0 8. 0-0 Qc8 9. Nbc3 Bh3 10. Qc2 Bxg2 11. Kxg2 Qe6 12. Nb5 Rac8 13. d4 a6 14. dxc5 axb5 15. cxb5 Nb4 16. Qd2 dxc5 17. Bc3 Ng4 18. Bxb4 cxb4 19. Qxb4 h6 20. f3 Nxe3+ 21. Kg1 Nxf1 22. Rxf1 Rcd8 23. Re1 Qf6 24. Qe4 Rfe8 25. Qxb7 Rd7 26. Rc1 Qb6+ 27. Qxb6 cxb6 28. Nc3 Rd3 29. Kg2 Red8 30. g4 Rc8 31. Ne2 Rxc1 32. Nxc1 Rd2+ 33. Kg3 g5 34. a4 h5 35. h4 f6 36. b4 Rc2 37. Nd3 Rc3 38. Nf2 e4 39. Nxe4 gxh4+ 40. Kxh4 Rxf3 41. Kxh5 f5 42. a5 Rb3 43. Nf6+ Kf7 44. Nh7 f4 45. g5 bxa5 46. Kh6 Rh3# 0-1